[Event "Titled Tuesday intern op 23rd Apr Late"]
[Site "Chess.com INT"]
[Date "2024.04.23"]
[Round "8"]
[White "Ardila, Oscar Humberto"]
[Black "Martine, Jean Christophe"]
[Result "1-0"]
[WhiteElo "1971"]
[BlackElo "1998"]
[PlyCount "139"]
[EventDate "2024.04.23"]
[EventType "swiss (blitz)"]
[EventRounds "11"]
[EventCountry "USA"]
[SourceTitle "CB18_2024"]
[SourceDate "2024.05.01"]
[SourceVersion "1"]
[SourceVersionDate "2024.05.01"]
[SourceQuality "2"]

1. d3 e5 2. Nd2 Nf6 3. e4 d6 4. Ngf3 Be7 5. Be2 0-0 6. 0-0 c6 7. c3 Nbd7 8. Qc2 Re8 9. Rd1 Nf8 10. Nf1 Ng6 11. Bg5 h6 12. Bd2 Bd7 13. Ng3 Qc8 14. a4 Ng4 15. b4 f5 16. exf5 Bxf5 17. Nxf5 Qxf5 18. h3 Nf6 19. Be3 d5 20. Qd2 Kh7 21. Nh2 Nf4 22. Bxf4 exf4 23. Ng4 Bd6 24. Nxf6+ Qxf6 25. Bf3 Re7 26. Re1 Rae8 27. d4 Qf5 28. Bg4 Qf6 29. Rxe7 Qxe7 30. Bf3 g6 31. a5 Kg7 32. Kf1 h5 33. Rd1 Qe6 34. Qd3 Kf6 35. Qd2 Qe7 36. Qb2 Qe6 37. b5 Qd7 38. b6 a6 39. Qd2 Qf5 40. Kg1 Re7 41. Re1 Rxe1+ 42. Qxe1 Qe6 43. Qd2 Qf5 44. Kf1 Qb1+ 45. Bd1 Qb5+ 46. Kg1 Qxa5 47. Qd3 Qxb6 48. Bc2 Ke7 49. Qxg6 Kd7 50. Bf5+ Kc7 51. Qe8 Qb2 52. Qd7+ Kb6 53. Qxd6 Qxc3 54. Qxf4 a5 55. Qb8 a4 56. Bc8 Qe1+ 57. Kh2 Qxf2 58. Qxb7+ Ka5 59. Qa7+ Kb4 60. Qc5+ Kb3 61. Qb6+ Ka3 62. Qc7 Kb4 63. Qd6+ Kb3 64. Bd7 a3 65. Bxc6 a2 66. Bxd5+ Kb2 67. Qb4+ Ka1 68. Qc3+ Kb1 69. Qb3+ Ka1 70. Qxa2+ 1-0

[Event "Titled Tuesday intern op 12th Mar Late"]
[Site "Chess.com INT"]
[Date "2024.03.12"]
[Round "8"]
[White "Ardila, Oscar Humberto"]
[Black "Kavyev, Ruslan"]
[Result "1-0"]
[WhiteElo "1971"]
[BlackElo "2282"]
[PlyCount "113"]
[EventDate "2024.03.12"]
[EventType "swiss (blitz)"]
[EventRounds "11"]
[EventCountry "USA"]
[SourceTitle "CB12_2024"]
[SourceDate "2023.10.01"]
[SourceVersion "1"]
[SourceVersionDate "2023.10.01"]
[SourceQuality "1"]

1. d4 d5 2. c4 e6 3. Nc3 Nf6 4. Bg5 Be7 5. Nf3 Nbd7 6. Qc2 c5 7. e3 h6 8. Bh4 0-0 9. Be2 a6 10. a4 cxd4 11. Nxd4 Ne5 12. cxd5 Nxd5 13. Bxe7 Nxe7 14. 0-0 Qc7 15. Rac1 N7c6 16. Rfd1 Bd7 17. f4 Nxd4 18. Rxd4 Nc6 19. Rd2 Rfd8 20. Rcd1 Be8 21. Bf3 Rxd2 22. Rxd2 Rd8 23. Ne4 Qb6 24. Kf2 e5 25. Rxd8 Qxd8 26. g3 Nb4 27. Qc3 Nd3+ 28. Ke2 Bxa4 29. Kf1 Bb5 30. Be2 exf4 31. gxf4 Qd7 32. Kg2 Qd5 33. Bf3 Bc6 34. Nf6+ gxf6 35. Bxd5 Bxd5+ 36. Kf1 Be4 37. Qxf6 Kh7 38. Qxf7+ Kh8 39. Qf6+ Kg8 40. h4 Bh7 41. Qe6+ Kg7 42. Qe7+ Kh8 43. Qxb7 Nc5 44. Qc8+ Kg7 45. Qxc5 Kf6 46. Qe5+ Kf7 47. Qc7+ Kg6 48. Qb6+ Kg7 49. Qxa6 Bg6 50. Qb7+ Bf7 51. Qc7 Kg8 52. Qe5 Kf8 53. f5 Bh5 54. f6 Bf7 55. Qe7+ Kg8 56. e4 Bh5 57. Qg7# 1-0

[Event "Titled Tuesday intern op 12th Mar Late"]
[Site "Chess.com INT"]
[Date "2024.03.12"]
[Round "6"]
[White "Quirke, Jeffrey"]
[Black "Ardila, Oscar Humberto"]
[Result "1/2-1/2"]
[WhiteElo "1992"]
[BlackElo "1971"]
[PlyCount "85"]
[EventDate "2024.03.12"]
[EventType "swiss (blitz)"]
[EventRounds "11"]
[EventCountry "USA"]
[SourceTitle "CB12_2024"]
[SourceDate "2023.10.01"]
[SourceVersion "1"]
[SourceVersionDate "2023.10.01"]
[SourceQuality "1"]

1. e4 e5 2. Nf3 Nf6 3. Nc3 Nc6 4. Bb5 Bb4 5. 0-0 0-0 6. Bxc6 bxc6 7. d3 d6 8. Bg5 h6 9. Bh4 Bg4 10. h3 Bh5 11. g4 Bg6 12. Nd2 Bh7 13. Bxf6 Qxf6 14. Qf3 Qh4 15. Qg3 Qxg3+ 16. fxg3 Rab8 17. Rab1 Bc5+ 18. Kg2 Rfd8 19. Nc4 f6 20. Na4 Bd4 21. c3 Bb6 22. Naxb6 cxb6 23. Ne3 d5 24. Nf5 Kf8 25. Rbd1 Rd7 26. c4 Rbd8 27. cxd5 cxd5 28. Rc1 dxe4 29. dxe4 Rd2+ 30. Rf2 Rxf2+ 31. Kxf2 Bxf5 32. gxf5 Rd2+ 33. Ke3 Rxb2 34. Rc8+ Kf7 35. Rc7+ Kg8 36. Rxa7 h5 37. h4 Kh7 38. a4 Rb3+ 39. Kf2 Rb4 40. Kf3 Rb3+ 41. Kf2 Kh6 42. Ra8 Kh7 43. Ra7 1/2-1/2

[Event "Titled Tuesday intern op 27th Feb Late"]
[Site "Chess.com INT"]
[Date "2024.02.27"]
[Round "5"]
[White "Ardila, Oscar Humberto"]
[Black "Lehtosaari, Mauri"]
[Result "0-1"]
[WhiteElo "1952"]
[BlackElo "2142"]
[PlyCount "118"]
[EventDate "2024.02.27"]
[EventType "swiss (blitz)"]
[EventRounds "11"]
[EventCountry "USA"]
[SourceTitle "CB10_2024"]
[SourceDate "2024.03.06"]
[SourceVersion "1"]
[SourceVersionDate "2024.03.06"]
[SourceQuality "1"]

1. d4 d5 2. c4 c6 3. cxd5 cxd5 4. Nc3 Nf6 5. Nf3 Nc6 6. Bf4 Bf5 7. e3 e6 8. Bd3 Bxd3 9. Qxd3 Bd6 10. Bxd6 Qxd6 11. 0-0 0-0 12. a3 Na5 13. Nd2 Rac8 14. Rfc1 Nc4 15. Nxc4 dxc4 16. Qe2 a6 17. Qf3 b5 18. Rd1 h6 19. Rac1 Qb6 20. d5 exd5 21. Nxd5 Nxd5 22. Rxd5 Rcd8 23. Rcd1 Rxd5 24. Qxd5 Rc8 25. Kf1 a5 26. Qd7 Rb8 27. Rd6 Qc5 28. Rc6 Qe5 29. Rc7 Qxb2 30. Qxf7+ Kh8 31. g4 Qe5 32. h4 Qa1+ 33. Kg2 Qf6 34. Qxf6 gxf6 35. Rc5 Kg7 36. Kf3 Kf7 37. Ke4 Ke6 38. Kd4 Kd6 39. Rd5+ Kc6 40. Rf5 Rd8+ 41. Kc3 Rd3+ 42. Kc2 Rd6 43. f4 Re6 44. e4 b4 45. axb4 axb4 46. e5 fxe5 47. fxe5 Kd5 48. g5 hxg5 49. Rxg5 Rxe5 50. Rg8 Re2+ 51. Kd1 Rh2 52. Rg5+ Kd4 53. Rg4+ Kc3 54. Rg3+ Kb2 55. Rg4 Kb3 56. Rg3+ c3 57. h5 Rxh5 58. Rg8 Rh1+ 59. Ke2 c2 0-1

[Event "Titled Tuesday intern op 27th Feb Late"]
[Site "Chess.com INT"]
[Date "2024.02.27"]
[Round "11"]
[White "Esmeraldas Huachi, Anderson Yahir"]
[Black "Ardila, Oscar Humberto"]
[Result "1-0"]
[WhiteElo "2148"]
[BlackElo "1952"]
[PlyCount "87"]
[EventDate "2024.02.27"]
[EventType "swiss (blitz)"]
[EventRounds "11"]
[EventCountry "USA"]
[SourceTitle "CB10_2024"]
[SourceDate "2024.03.06"]
[SourceVersion "1"]
[SourceVersionDate "2024.03.06"]
[SourceQuality "1"]

1. d4 Nf6 2. c4 e6 3. Nc3 Be7 4. e4 d6 5. Nf3 0-0 6. Bd3 Nbd7 7. e5 Ne8 8. Qe2 dxe5 9. Nxe5 Nef6 10. 0-0 c6 11. Bg5 h6 12. Bh4 Qc7 13. Bg3 Qb6 14. Rad1 Re8 15. Bb1 Nf8 16. Rfe1 Qb4 17. a3 Qb6 18. h3 Rd8 19. Qd3 Qb3 20. Qe2 Qb6 21. c5 Qa5 22. Nc4 Qa6 23. Bd3 b5 24. cxb6 axb6 25. Bc7 Qb7 26. Bxd8 Bxd8 27. Nd6 Qc7 28. Nxc8 Rxc8 29. Rc1 Qb8 30. Ne4 Nd5 31. Qf3 Be7 32. Bb1 Nd7 33. Nc3 N7f6 34. Nxd5 cxd5 35. Qe3 Rc7 36. Rxc7 Qxc7 37. Rc1 Qd6 38. Qe5 Qd7 39. Qc7 Qxc7 40. Rxc7 Kf8 41. Rc8+ Ne8 42. Bc2 b5 43. Bd3 f6 44. Bg6 1-0

[Event "Titled Tuesday intern op 13th Feb Early"]
[Site "Chess.com INT"]
[Date "2024.02.13"]
[Round "2"]
[White "Ardila, Oscar Humberto"]
[Black "Lehtosaari, Mauri"]
[Result "1-0"]
[WhiteElo "1952"]
[BlackElo "2142"]
[PlyCount "91"]
[EventDate "2024.02.13"]
[EventType "swiss (blitz)"]
[EventRounds "11"]
[EventCountry "USA"]
[SourceTitle "CB08_2024"]
[SourceDate "2024.02.21"]
[SourceVersion "1"]
[SourceVersionDate "2024.02.21"]
[SourceQuality "1"]

1. d4 d5 2. c4 c6 3. Nc3 Nf6 4. cxd5 cxd5 5. Bf4 Nc6 6. e3 a6 7. Nf3 Bg4 8. Be2 e6 9. 0-0 Bd6 10. Bxd6 Qxd6 11. Qb3 0-0 12. h3 Bh5 13. Rac1 Rfc8 14. Na4 Na5 15. Qb6 Qd8 16. b4 Nc4 17. Bxc4 dxc4 18. Qxd8+ Rxd8 19. Nb6 Rab8 20. Rxc4 h6 21. Rfc1 Bxf3 22. gxf3 Ne8 23. a4 Kf8 24. a5 Ke7 25. Kf1 f6 26. Ke2 Kd6 27. e4 Ke7 28. Ke3 Kd6 29. f4 Ke7 30. e5 f5 31. Rc5 g6 32. d5 exd5 33. Nxd5+ Ke6 34. Nb6 g5 35. fxg5 hxg5 36. f4 gxf4+ 37. Kxf4 Rd4+ 38. Kg5 Rbd8 39. Rc8 Kxe5 40. Re1+ Re4 41. Rxe4+ fxe4 42. Rxd8 Nd6 43. Rd7 e3 44. Re7+ Kd4 45. Kf4 e2 46. Rxe2 1-0

[Event "Titled Tuesday intern op 13th Feb Late"]
[Site "Chess.com INT"]
[Date "2024.02.13"]
[Round "5"]
[White "Ardila, Oscar Humberto"]
[Black "Reprintsev, Alexander"]
[Result "0-1"]
[WhiteElo "1952"]
[BlackElo "2241"]
[PlyCount "96"]
[EventDate "2024.02.13"]
[EventType "swiss (blitz)"]
[EventRounds "11"]
[EventCountry "USA"]
[SourceTitle "CB08_2024"]
[SourceDate "2024.02.21"]
[SourceVersion "1"]
[SourceVersionDate "2024.02.21"]
[SourceQuality "1"]

1. d4 d5 2. c4 e5 3. dxe5 d4 4. Nf3 Nc6 5. g3 Nge7 6. Bg2 Ng6 7. 0-0 Ngxe5 8. Nbd2 Nxf3+ 9. Nxf3 Be7 10. b3 0-0 11. Bb2 Bf6 12. Qd2 Bg4 13. Rad1 Qd7 14. Rfe1 Rad8 15. b4 b6 16. b5 Na5 17. Rc1 Rfe8 18. Ba3 d3 19. exd3 Bxf3 20. Rxe8+ Qxe8 21. Bxf3 h6 22. Bb4 Bg5 23. Qc2 Bxc1 24. Qxc1 Rxd3 25. Bd5 Qe2 26. Qf4 Rxd5 27. cxd5 Qd1+ 28. Kg2 Qxd5+ 29. f3 Qxb5 30. Bc3 Qe2+ 31. Kh3 Qe6+ 32. g4 Qc4 33. Qe5 f6 34. Qe3 Nc6 35. Kg3 Qf7 36. Qe4 Qd7 37. Qf5 Qxf5 38. gxf5 Kf7 39. Kf4 a5 40. Ke4 Ke8 41. Kd5 Kd7 42. a3 Ne7+ 43. Ke4 c6 44. h4 b5 45. f4 a4 46. Bb4 Nd5 47. Bf8 Ke8 48. Bxg7 h5 0-1

[Event "Titled Tuesday intern op 13th Feb Late"]
[Site "Chess.com INT"]
[Date "2024.02.13"]
[Round "10"]
[White "Lopusiewicz, Piotr"]
[Black "Ardila, Oscar Humberto"]
[Result "0-1"]
[WhiteElo "2301"]
[BlackElo "1952"]
[PlyCount "140"]
[EventDate "2024.02.13"]
[EventType "swiss (blitz)"]
[EventRounds "11"]
[EventCountry "USA"]
[SourceTitle "CB08_2024"]
[SourceDate "2024.02.21"]
[SourceVersion "1"]
[SourceVersionDate "2024.02.21"]
[SourceQuality "1"]

1. d4 Nf6 2. Nc3 e6 3. e4 c5 4. d5 exd5 5. exd5 d6 6. Nf3 Be7 7. Bc4 0-0 8. 0-0 Bg4 9. h3 Bh5 10. Re1 Nbd7 11. g4 Bg6 12. Bf4 a6 13. a4 h5 14. Nh4 hxg4 15. Nxg6 fxg6 16. hxg4 Nh7 17. Qd2 Bg5 18. Re4 Qf6 19. Be3 Ne5 20. Be2 Nf3+ 21. Bxf3 Qxf3 22. Qe2 Bxe3 23. Rxe3 Qf4 24. Re4 Qf6 25. f4 Qh4 26. Rf1 Nf6 27. Re6 Nxg4 28. Rxg6 Qg3+ 29. Qg2 Qxg2+ 30. Kxg2 Ne3+ 31. Kf2 Nxf1 32. Kxf1 Rxf4+ 33. Ke2 Rf6 34. Rg5 Re8+ 35. Kd3 Rf3+ 36. Kc4 Rf4+ 37. Kb3 Kf7 38. a5 Kf6 39. Rg3 g5 40. Nd1 Re1 41. Ne3 Re2 42. c3 Rff2 43. Nc4 Kf5 44. Nxd6+ Kf4 45. Rg1 Rxb2+ 46. Kc4 g4 47. Kxc5 g3 48. Nc4 Rbe2 49. d6 Rd2 50. Nxd2 Rxd2 51. c4 Kf3 52. Rf1+ Ke2 53. Rf5 g2 54. Rg5 Kf2 55. Rf5+ Ke1 56. Re5+ Kf1 57. Rf5+ Rf2 58. Rxf2+ Kxf2 59. d7 g1Q 60. d8Q Kf3+ 61. Kd6 Qg3+ 62. Ke7 Qe5+ 63. Kf7 Qf5+ 64. Qf6 Qxf6+ 65. Kxf6 Ke4 66. Ke6 Kd4 67. Kd6 Kxc4 68. Kc7 Kb5 69. Kxb7 Kxa5 70. Kc6 Kb4 0-1

[Event "Titled Tuesday intern op 13th Feb Early"]
[Site "Chess.com INT"]
[Date "2024.02.13"]
[Round "4"]
[White "Parfenov, Viktor N"]
[Black "Ardila, Oscar Humberto"]
[Result "1-0"]
[WhiteElo "2193"]
[BlackElo "1952"]
[PlyCount "115"]
[EventDate "2024.02.13"]
[EventType "swiss (blitz)"]
[EventRounds "11"]
[EventCountry "USA"]
[SourceTitle "CB08_2024"]
[SourceDate "2024.02.21"]
[SourceVersion "1"]
[SourceVersionDate "2024.02.21"]
[SourceQuality "1"]

1. e4 e5 2. Nf3 Nf6 3. Nxe5 d6 4. Nf3 Nxe4 5. c4 Be7 6. d4 0-0 7. Bd3 Nf6 8. h3 Re8 9. 0-0 Nbd7 10. Nc3 Nf8 11. d5 a5 12. b3 N8d7 13. Re1 Nc5 14. Bc2 Bd7 15. Nd4 Bf8 16. Rxe8 Qxe8 17. Be3 g6 18. Qf3 Bg7 19. Re1 Qf8 20. Ncb5 Bxb5 21. Nxb5 Qe7 22. Bd2 Qd7 23. Bg5 Re8 24. Re2 Rxe2 25. Qxe2 h6 26. Bd2 c6 27. dxc6 bxc6 28. Nc3 d5 29. cxd5 cxd5 30. Qb5 Qc7 31. Bd1 d4 32. Na4 Nxa4 33. Qxa4 Ne4 34. Qxa5 Qc8 35. Bf4 Nc3 36. Bf3 Qe8 37. Kf1 g5 38. Bd2 Qe6 39. Qa8+ Bf8 40. Qc6 Qe5 41. a4 Bg7 42. Qa8+ Bf8 43. Bxc3 dxc3 44. Qe4 Qc5 45. Qc2 Qb4 46. Be2 Bg7 47. g3 Qa3 48. Kg2 Qa1 49. Bd3 Qa3 50. Bc4 Qb4 51. Qd3 Qb7+ 52. Kh2 Qb6 53. Kg1 Qb7 54. a5 Qa7 55. a6 Bd4 56. Qg6+ Kf8 57. Qxh6+ Ke8 58. Qxg5 1-0

[Event "Titled Tuesday intern op 13th Feb Early"]
[Site "Chess.com INT"]
[Date "2024.02.13"]
[Round "7"]
[White "Valle Luis, Leo"]
[Black "Ardila, Oscar Humberto"]
[Result "0-1"]
[WhiteElo "2252"]
[BlackElo "1952"]
[PlyCount "126"]
[EventDate "2024.02.13"]
[EventType "swiss (blitz)"]
[EventRounds "11"]
[EventCountry "USA"]
[SourceTitle "CB08_2024"]
[SourceDate "2024.02.21"]
[SourceVersion "1"]
[SourceVersionDate "2024.02.21"]
[SourceQuality "1"]

1. e4 e5 2. Nf3 Nf6 3. Nxe5 d6 4. Nf3 Nxe4 5. d4 Be7 6. Bd3 d5 7. 0-0 Nc6 8. c4 Nb4 9. cxd5 Nxd3 10. Qxd3 Qxd5 11. Re1 Bf5 12. Nc3 Nxc3 13. Qxc3 Qd6 14. Qb3 Qb6 15. Bg5 f6 16. Qe3 Qd6 17. Bf4 Qd7 18. d5 Kf7 19. Nd4 Rae8 20. Qb3 Bd6 21. Bxd6 cxd6 22. Nxf5 Qxf5 23. Qxb7+ Kg6 24. Qc6 Re5 25. Rxe5 Qxe5 26. Qc2+ f5 27. Rd1 Rb8 28. b3 Rb5 29. Qd3 Ra5 30. a4 Rc5 31. g3 Rc3 32. Qb5 f4 33. Qd7 f3 34. Qg4+ Kf6 35. h4 h5 36. Qb4 Rc2 37. Rf1 Qxd5 38. Qf4+ Qf5 39. Qd4+ Kg6 40. Qxd6+ Kh7 41. Qd1 Re2 42. Kh2 Re4 43. Rg1 Qf6 44. Qd3 Qf5 45. Re1 Rxh4+ 46. gxh4 Qxd3 47. Kg3 Qxb3 48. Re4 a5 49. Rf4 g6 50. Re4 Kh6 51. Rf4 Qc2 52. Rxf3 Qxa4 53. Rf4 Qb5 54. Rf8 a4 55. Rh8+ Kg7 56. Ra8 Qb4 57. f4 Qb3+ 58. Kg2 a3 59. f5 Qb2+ 60. Kg3 gxf5 61. Ra7+ Kf6 62. Kf4 Qd4+ 63. Kf3 Qxa7 0-1

[Event "Titled Tuesday intern op 06th Feb Early"]
[Site "Chess.com INT"]
[Date "2024.02.06"]
[Round "1"]
[White "Ardila, Oscar Humberto"]
[Black "Domin, Yan"]
[Result "0-1"]
[WhiteElo "1952"]
[BlackElo "2209"]
[PlyCount "52"]
[EventDate "2024.02.06"]
[EventType "swiss (blitz)"]
[EventRounds "11"]
[EventCountry "USA"]
[SourceTitle "CB07_2024"]
[SourceDate "2024.02.14"]
[SourceVersion "1"]
[SourceVersionDate "2024.02.14"]
[SourceQuality "1"]

1. d4 Nf6 2. c4 g6 3. Nc3 d5 4. Nf3 Bg7 5. e3 0-0 6. Be2 dxc4 7. Bxc4 c5 8. 0-0 cxd4 9. Nxd4 a6 10. a4 Bd7 11. Qb3 Nc6 12. Nxc6 Bxc6 13. Rd1 Qa5 14. Bd2 Qg5 15. e4 Qh5 16. Bd5 Bxd5 17. exd5 Rfd8 18. Bf4 Rd7 19. Rd3 Qf5 20. Rf3 Nxd5 21. Bd6 Qe6 22. Qxd5 Qxd5 23. Nxd5 Rxd6 24. Nc3 Rad8 25. Kf1 e6 26. Ne4 Rb6 0-1

[Event "Titled Tuesday intern op 06th Feb Early"]
[Site "Chess.com INT"]
[Date "2024.02.06"]
[Round "11"]
[White "Golubovic, Erik"]
[Black "Ardila, Oscar Humberto"]
[Result "1-0"]
[WhiteElo "2025"]
[BlackElo "1952"]
[PlyCount "161"]
[EventDate "2024.02.06"]
[EventType "swiss (blitz)"]
[EventRounds "11"]
[EventCountry "USA"]
[SourceTitle "CB07_2024"]
[SourceDate "2024.02.14"]
[SourceVersion "1"]
[SourceVersionDate "2024.02.14"]
[SourceQuality "1"]

1. d4 Nf6 2. c4 e6 3. Nf3 Bb4+ 4. Bd2 Qe7 5. g3 0-0 6. Bg2 Bxd2+ 7. Qxd2 d6 8. 0-0 Nbd7 9. Nc3 e5 10. e4 Re8 11. Rfe1 exd4 12. Nxd4 Ne5 13. b3 Bd7 14. h3 c5 15. Nde2 Bc6 16. Nd5 Nxd5 17. cxd5 Bb5 18. Nc3 Ba6 19. f4 Nd3 20. Re3 Qf6 21. Rxd3 Bxd3 22. Qxd3 a6 23. a4 h5 24. h4 b6 25. Re1 Qg6 26. Kh2 Kh8 27. Qd2 Rab8 28. e5 b5 29. axb5 axb5 30. exd6 Qxd6 31. Nxb5 Qd7 32. Rxe8+ Qxe8 33. Nc7 Qd7 34. d6 Rxb3 35. Qd5 Rb6 36. Qxh5+ Kg8 37. Qxc5 Rxd6 38. Nd5 Kh7 39. Qc2+ Kg8 40. Qe4 Kf8 41. Ne3 Rd2 42. Qa8+ Qd8 43. Qxd8+ Rxd8 44. Nf1 g6 45. Kg1 Rb8 46. Kf2 Rb2+ 47. Kf3 Kg7 48. Ne3 Rb3 49. Bf1 Rb1 50. Bc4 Rc1 51. Ke4 Rc3 52. Bd5 Rc1 53. Kf3 Ra1 54. Be4 Ra4 55. g4 Ra3 56. h5 Ra1 57. hxg6 fxg6 58. Bd5 Ra5 59. Ke4 Ra4+ 60. Nc4 Ra1 61. Ke5 Rg1 62. g5 Re1+ 63. Be4 Rc1 64. Nd6 Rc5+ 65. Kd4 Ra5 66. Ne8+ Kf7 67. Nf6 Ra4+ 68. Ke3 Ra3+ 69. Bd3 Rc3 70. Ng4 Ra3 71. Ne5+ Kg7 72. Nxg6 Ra1 73. Ne5 Re1+ 74. Kd4 Rf1 75. f5 Rf4+ 76. Kd5 Rg4 77. f6+ Kf8 78. g6 Kg8 79. f7+ Kf8 80. Nd7+ Kg7 81. f8Q# 1-0

[Event "Titled Tuesday intern op 23rd Jan Late"]
[Site "Chess.com INT"]
[Date "2024.01.23"]
[Round "3"]
[White "Ardila, Oscar Humberto"]
[Black "Diaz Garcia, Lianet"]
[Result "0-1"]
[WhiteElo "1952"]
[BlackElo "2000"]
[PlyCount "136"]
[EventDate "2024.01.23"]
[EventType "swiss (blitz)"]
[EventRounds "11"]
[EventCountry "USA"]
[SourceTitle "CB05_2024"]
[SourceDate "2024.01.31"]
[SourceVersion "1"]
[SourceVersionDate "2024.01.31"]
[SourceQuality "1"]

1. d4 f5 2. c4 e6 3. Nf3 Nf6 4. Nc3 Bb4 5. Bd2 0-0 6. g3 b6 7. Bg2 Bb7 8. 0-0 d6 9. Qc2 Nbd7 10. a3 Bxc3 11. Bxc3 Be4 12. Qc1 h6 13. b4 a5 14. Qb2 axb4 15. axb4 Qb8 16. Rxa8 Qxa8 17. Ra1 Qb7 18. Nh4 Ra8 19. Bxe4 Qxe4 20. Ng6 Rxa1+ 21. Qxa1 Qxe2 22. c5 Ne4 23. Qe1 Qxe1+ 24. Bxe1 bxc5 25. dxc5 dxc5 26. f3 Nd6 27. Kf2 Kf7 28. Nf4 cxb4 29. Bxb4 c5 30. Bc3 g5 31. Nd3 Nb5 32. Bb2 c4 33. Ne5+ Nxe5 34. Bxe5 Ke7 35. Ke3 h5 36. Kd2 Kd7 37. Bf6 g4 38. fxg4 hxg4 39. Ke3 Kc6 40. Kf4 Kd5 41. Ke3 c3 42. Kd3 e5 43. Bg5 Nd6 44. Bc1 Ne4 45. Be3 Kc6 46. Bc1 Kd5 47. Be3 f4 48. gxf4 exf4 49. Bxf4 Nf2+ 50. Kxc3 Ke4 51. Bg3 Kf3 52. Kd2 Ne4+ 53. Ke1 Nxg3 54. hxg3 Kxg3 55. Kf1 Kh2 56. Kf2 g3+ 57. Kf3 g2 58. Kf2 g1Q+ 59. Kf3 Qg3+ 60. Ke4 Kh3 61. Kf5 Qg4+ 62. Kf6 Kh4 63. Kf7 Qg5 64. Ke8 Qg7 65. Kd8 Kg5 66. Kc8 Kf6 67. Kb8 Ke6 68. Ka8 Kd6 0-1

[Event "Titled Tuesday intern op 16th Jan Late"]
[Site "Chess.com INT"]
[Date "2024.01.16"]
[Round "1"]
[White "Ardila, Oscar Humberto"]
[Black "Agibileg, Uurtsaikh"]
[Result "1/2-1/2"]
[WhiteElo "1952"]
[BlackElo "2445"]
[PlyCount "69"]
[EventDate "2024.01.16"]
[EventType "swiss (blitz)"]
[EventRounds "11"]
[EventCountry "USA"]
[SourceTitle "CB04_2024"]
[SourceDate "2023.10.16"]
[SourceVersion "1"]
[SourceVersionDate "2023.10.16"]
[SourceQuality "1"]

1. d4 Nf6 2. c4 e6 3. Nc3 Bb4 4. Qc2 Nc6 5. Nf3 d6 6. Bg5 h6 7. Bh4 e5 8. dxe5 dxe5 9. e3 Bg4 10. Be2 g5 11. Rd1 Qe7 12. Bg3 e4 13. Nd4 Nxd4 14. Rxd4 Bxe2 15. Kxe2 Bxc3 16. Qxc3 0-0 17. h4 Nh5 18. hxg5 Nxg3+ 19. fxg3 Qxg5 20. Rd5 Qxg3 21. Rxh6 Qxg2+ 22. Kd1 f6 23. Qd4 Rae8 24. Rhh5 Re7 25. Rdf5 c6 26. Qd6 Qg7 27. Kc2 Qf7 28. Kc3 Rd7 29. Qc5 Rfd8 30. Rfg5+ fxg5 31. Rxg5+ Kh8 32. Rh5+ Kg8 33. Rg5+ Kh7 34. Rh5+ Kg8 35. Rg5+ 1/2-1/2

[Event "Titled Tuesday intern op 16th Jan Early"]
[Site "Chess.com INT"]
[Date "2024.01.16"]
[Round "3"]
[White "Ardila, Oscar Humberto"]
[Black "Ambartsumova, Karina"]
[Result "0-1"]
[WhiteElo "1952"]
[BlackElo "2418"]
[PlyCount "126"]
[EventDate "2024.01.16"]
[EventType "swiss (blitz)"]
[EventRounds "11"]
[EventCountry "USA"]
[SourceTitle "CB04_2024"]
[SourceDate "2023.10.16"]
[SourceVersion "1"]
[SourceVersionDate "2023.10.16"]
[SourceQuality "1"]

1. d4 Nf6 2. c4 e6 3. Nc3 d5 4. Bg5 Be7 5. e3 h6 6. Bh4 0-0 7. Nf3 Ne4 8. Bxe7 Qxe7 9. Nxe4 dxe4 10. Nd2 f5 11. Qc2 Nc6 12. a3 Bd7 13. Qc3 Qg5 14. b4 a5 15. b5 Ne7 16. g3 Qf6 17. a4 Ng6 18. h4 e5 19. Nb3 f4 20. dxe5 Nxe5 21. 0-0-0 Bg4 22. Rd2 fxg3 23. fxg3 Nd3+ 24. Kc2 Qf3 25. Rg1 Qxe3 26. Rh1 Bf3 27. Rhh2 Rad8 28. Bxd3 exd3+ 29. Kb2 Be2 30. Nxa5 Qg1 31. Rhxe2 dxe2 32. Rxe2 Rd7 33. Qe5 Qb6 34. Nb3 Rdf7 35. c5 Qg6 36. Ka3 Kh7 37. h5 Qd3 38. Qe4+ Qxe4 39. Rxe4 Rf3 40. g4 Rd3 41. Kb4 Rff3 42. Nd4 Rg3 43. Nf5 Rg1 44. Re7 Rxg4+ 45. Ka5 Rd5 46. Rxc7 Rxf5 47. Kb6 Rxa4 48. Rxb7 Rb4 49. Kc6 Rxh5 50. Rd7 Rg5 51. b6 h5 52. Rd5 Rg6+ 53. Kc7 Rh6 54. c6 h4 55. b7 h3 56. Rd3 h2 57. Rd1 h1Q 58. Rxh1 Rxh1 59. b8Q Rxb8 60. Kxb8 Rc1 61. c7 g5 62. c8Q Rxc8+ 63. Kxc8 g4 0-1

[Event "Titled Tuesday intern op 16th Jan Late"]
[Site "Chess.com INT"]
[Date "2024.01.16"]
[Round "2"]
[White "Ardila, Oscar Humberto"]
[Black "Cruz, Jonathan"]
[Result "0-1"]
[WhiteElo "1952"]
[BlackElo "2323"]
[PlyCount "86"]
[EventDate "2024.01.16"]
[EventType "swiss (blitz)"]
[EventRounds "11"]
[EventCountry "USA"]
[SourceTitle "CB04_2024"]
[SourceDate "2023.10.16"]
[SourceVersion "1"]
[SourceVersionDate "2023.10.16"]
[SourceQuality "1"]

1. d4 Nf6 2. c4 g6 3. Nc3 d5 4. e3 Bg7 5. Nf3 0-0 6. Be2 c5 7. cxd5 cxd4 8. Nxd4 Nxd5 9. Nxd5 Qxd5 10. Nf3 Qa5+ 11. Bd2 Qb6 12. Bc3 Bxc3+ 13. bxc3 Rd8 14. Qb3 Qc5 15. h4 Be6 16. Qb4 Nd7 17. h5 Qxb4 18. cxb4 a5 19. hxg6 hxg6 20. b5 Nc5 21. Nd4 Bd5 22. f3 e5 23. Nc2 Rac8 24. e4 Be6 25. Ne3 Rd4 26. Kf2 Rcd8 27. Rhc1 b6 28. Rc2 Rd2 29. Rac1 Bxa2 30. Ng4 Nd3+ 31. Ke3 Nxc1 32. Rxd2 Rxd2 33. Kxd2 Nxe2 34. Kxe2 Be6 35. Nxe5 f6 36. Nc6 Bc4+ 37. Kd2 Bxb5 38. Nd4 Bd7 39. Kc3 b5 40. g4 g5 41. Ne2 Kf7 42. Kd4 b4 43. Nc1 Ke7 0-1

[Event "Titled Tuesday intern op 16th Jan Early"]
[Site "Chess.com INT"]
[Date "2024.01.16"]
[Round "8"]
[White "Ardila, Oscar Humberto"]
[Black "Demin, Vladimir"]
[Result "1/2-1/2"]
[WhiteElo "1952"]
[BlackElo "2430"]
[PlyCount "138"]
[EventDate "2024.01.16"]
[EventType "swiss (blitz)"]
[EventRounds "11"]
[EventCountry "USA"]
[SourceTitle "CB04_2024"]
[SourceDate "2023.10.16"]
[SourceVersion "1"]
[SourceVersionDate "2023.10.16"]
[SourceQuality "1"]

1. d4 Nf6 2. c4 e6 3. Nc3 Bb4 4. Qc2 0-0 5. Nf3 c5 6. dxc5 Nc6 7. Bg5 h6 8. Bh4 Bxc5 9. e3 b6 10. Be2 Bb7 11. 0-0 Be7 12. a3 Rc8 13. Rfd1 Na5 14. b3 d5 15. Qb2 Qc7 16. Bg3 Qd8 17. Rac1 a6 18. cxd5 exd5 19. Nd4 Bd6 20. Bxd6 Qxd6 21. Bf3 Rfd8 22. Nce2 Qe5 23. h3 Ne4 24. Nc3 f5 25. Nxe4 dxe4 26. Be2 b5 27. Rxc8 Rxc8 28. Rc1 Rd8 29. Rc3 Bd5 30. Qc2 Kh7 31. g3 Bg8 32. Rc5 Rd5 33. Rc7 Rxd4 34. exd4 Qxd4 35. Qc3 Qxc3 36. Rxc3 Bxb3 37. g4 Kg6 38. gxf5+ Kxf5 39. Bg4+ Kf6 40. Rc7 Nc4 41. Rc6+ Kg5 42. Rxa6 h5 43. Be2 Kf4 44. Kg2 g5 45. Bxh5 e3 46. Be2 exf2 47. Kxf2 Nd2 48. Bxb5 Ne4+ 49. Kg2 Bd1 50. Bc6 Bf3+ 51. Kg1 Kg3 52. Bxe4 Bxe4 53. Ra5 Kf4 54. Kh2 Bd3 55. Ra7 g4 56. hxg4 Kxg4 57. Kg2 Kf4 58. Kf2 Ke4 59. Ke1 Kd4 60. Kd1 Kc3 61. Kc1 Bc4 62. Kb1 Kb3 63. Kc1 Kc3 64. Kd1 Bd3 65. Ke1 Bb5 66. Kf2 Kb3 67. Ke3 Ba4 68. Kd4 Be8 69. Ra8 Bc6 1/2-1/2